[Event "Solingen-ch 2014"]
[Site "Solingen"]
[Date "2014.09.12"]
[Round "1.1"]
[White "Kniest, Oliver"]
[Black "Falge, Rainer"]
[Result "1-0"]
[WhiteElo "2302"]
[BlackElo "1721"]
[PlyCount "29"]
[EventDate "2014.??.??"]
[WhiteTeam "SG Solingen"]
[BlackTeam "SG Solingen"]

1. d4 d5 2. c4 dxc4 3. e4 e5 4. Nf3 exd4 5. Bxc4 Nc6 6. O-O Nh6 7. Qb3 Na5 8.
Qb5+ Nc6 9. Bxh6 gxh6 10. Ne5 Be6 11. Nxc6 bxc6 12. Qxc6+ Bd7 13. Qd5 Be6 14.
Qe5 Rg8 15. Bxe6 1-0

[Event "Solingen-ch 2014"]
[Site "Solingen"]
[Date "2014.09.12"]
[Round "1.2"]
[White "Porstmann, Jan"]
[Black "Peschel, Andreas"]
[Result "0-1"]
[WhiteElo "1875"]
[BlackElo "2117"]
[PlyCount "56"]
[EventDate "2014.??.??"]
[WhiteTeam "SG Solingen"]
[BlackTeam "SG Solingen"]

1. e4 g6 2. d4 Bg7 3. Nf3 c6 4. Nc3 d5 5. exd5 cxd5 6. Bf4 Nf6 7. Be2 O-O 8.
O-O Nc6 9. h3 Bf5 10. Bd3 Ne4 11. Be3 Nxc3 12. bxc3 Bxd3 13. cxd3 Rc8 14. Qd2
Qa5 15. Rab1 Qa6 16. Bf4 Rfe8 17. Rfe1 b5 18. Be5 Nxe5 19. dxe5 e6 20. Nd4 Rb8
21. Rb4 Rec8 22. Qb2 Bf8 23. Rb3 Qa5 24. Rc1 a6 25. a4 b4 26. cxb4 Rxc1+ 27.
Qxc1 Rxb4 28. Rc3 Rxd4 0-1

[Event "Solingen-ch 2014"]
[Site "Solingen"]
[Date "2014.09.12"]
[Round "1.3"]
[White "Zolfagharian, Kevin"]
[Black "Barche, Robert"]
[Result "1-0"]
[WhiteElo "2110"]
[BlackElo "1350"]
[PlyCount "29"]
[EventDate "2014.??.??"]
[WhiteTeam "SG Solingen"]
[BlackTeam "SG Solingen"]

1. e4 e6 2. Nf3 d5 3. Nc3 Nf6 4. e5 Nfd7 5. d4 c5 6. Bg5 Qb6 7. dxc5 Bxc5 8.
Qd2 Qc7 9. Nb5 Qb6 10. b4 Bf8 11. a4 a5 12. bxa5 Rxa5 13. Rb1 Qc5 14. Qxa5 Be7
15. Nd6+ 1-0

[Event "Solingen-ch 2014"]
[Site "Solingen"]
[Date "2014.09.12"]
[Round "1.4"]
[White "Nink, Niklas"]
[Black "Görke, Joachim"]
[Result "0-1"]
[WhiteElo "1712"]
[BlackElo "2090"]
[PlyCount "64"]
[EventDate "2014.??.??"]
[WhiteTeam "SG Solingen"]
[BlackTeam "SG Solingen"]

1. e4 e6 2. d4 d5 3. exd5 exd5 4. c4 dxc4 5. Bxc4 Bb4+ 6. Nc3 Qe7+ 7. Qe2 Bg4
8. f3 Bf5 9. Bg5 f6 10. Bf4 Nc6 11. Bxc7 Nxd4 12. Qxe7+ Nxe7 13. O-O-O Rc8 14.
Rxd4 Bxc3 15. bxc3 Rxc7 16. g4 Nc6 17. Rd2 Ne5 18. Bb3 Bg6 19. Ba4+ Ke7 20. Re2
Rhc8 21. f4 Rxc3+ 22. Kb2 R3c4 23. fxe5 Rxa4 24. exf6+ Kxf6 25. Nf3 Rb4+ 26.
Ka1 Rxg4 27. Rhe1 Bf5 28. Rd2 Re4 29. Rb1 b6 30. Rg1 Rce8 31. Rd6+ R4e6 32. Rd2
h6 0-1

[Event "Solingen-ch 2014"]
[Site "Solingen"]
[Date "2014.09.12"]
[Round "1.5"]
[White "Speck, Stefan"]
[Black "Bauer, Matthias"]
[Result "1-0"]
[WhiteElo "1981"]
[BlackElo "1692"]
[PlyCount "73"]
[EventDate "2014.??.??"]
[WhiteTeam "SC Solingen 28"]
[BlackTeam "SV Günnigfeld"]

1. d4 Nf6 2. c4 c6 3. Nf3 d5 4. Nc3 Bg4 5. Ne5 Bh5 6. cxd5 Nxd5 7. Qb3 Qb6 8.
Nxd5 Qxb3 9. axb3 cxd5 10. e4 dxe4 11. Bb5+ Kd8 12. Bd2 f6 13. Ba5+ b6 14.
Bxb6+ axb6 15. Rxa8 fxe5 16. Rxb8+ Kc7 17. Ra8 Kb7 18. Ra4 exd4 19. Rxd4 e5 20.
Rxe4 Bd6 21. O-O Rc8 22. Ra1 Rc2 23. Rc4 Bg6 24. Bc6+ Kc8 25. Rxc2 Bxc2 26. Rc1
Bg6 27. Be4+ Kd7 28. Bxg6 hxg6 29. Kf1 Bb4 30. Ke2 Kd6 31. Kd3 Kd5 32. Rc7 e4+
33. Ke2 Bc5 34. Rxg7 Bd4 35. Rd7+ Ke5 36. Rxd4 Kxd4 37. h4 1-0

[Event "Solingen-ch 2014"]
[Site "Solingen"]
[Date "2014.09.12"]
[Round "1.6"]
[White "Barche, Uwe"]
[Black "Grah, Ulrich"]
[Result "0-1"]
[WhiteElo "1467"]
[BlackElo "1979"]
[PlyCount "76"]
[EventDate "2014.??.??"]
[WhiteTeam "SG Solingen"]
[BlackTeam "SG Solingen"]

1. c4 g6 2. g3 Bg7 3. Bg2 d6 4. Nf3 e5 5. Nc3 Nc6 6. O-O Nge7 7. e4 h6 8. a3 a5
9. d3 Be6 10. Rb1 Qd7 11. b3 Bg4 12. Qd2 Bxf3 13. Bxf3 Nd4 14. Bg2 O-O 15. Ne2
Nec6 16. Qd1 Nxe2+ 17. Qxe2 Nd4 18. Qd1 c5 19. Be3 Nc6 20. Qd2 Kh7 21. f4 exf4
22. Bxf4 g5 23. Be3 Rae8 24. Kh1 Qe7 25. Bf3 Qe6 26. Kg2 g4 27. Be2 f5 28. Rf2
fxe4 29. Rbf1 Rxf2+ 30. Rxf2 Kh8 31. Bxg4 Qxg4 32. Bxh6 exd3 33. Bxg7+ Kxg7 34.
Qxd3 Qe4+ 35. Qxe4 Rxe4 36. h4 Nd4 37. Kh3 Nxb3 38. Rb2 a4 0-1

[Event "Solingen-ch 2014"]
[Site "Solingen"]
[Date "2014.09.12"]
[Round "1.7"]
[White "Wolff, Michael"]
[Black "Pentz, Jörg"]
[Result "1/2-1/2"]
[WhiteElo "1958"]
[BlackElo "1946"]
[PlyCount "42"]
[EventDate "2014.??.??"]
[WhiteTeam "Ford SF Köln"]
[BlackTeam "vereinslos"]

1. e4 c6 2. d4 d5 3. exd5 cxd5 4. c4 Nf6 5. Nc3 Nc6 6. Nf3 Be6 7. c5 g6 8. Bb5
Bg7 9. Ne5 Bd7 10. O-O O-O 11. f4 Rc8 12. Be3 Nxe5 13. dxe5 Ng4 14. Bd4 Nh6 15.
Be2 Nf5 16. g4 Nxd4 17. Qxd4 e6 18. g5 b6 19. cxb6 Qxb6 20. Qxb6 axb6 21. Rad1
Rc5 1/2-1/2

[Event "Solingen-ch 2014"]
[Site "Solingen"]
[Date "2014.09.12"]
[Round "1.8"]
[White "Ferger, Jürgen"]
[Black "Mentzel, Markus"]
[Result "1/2-1/2"]
[WhiteElo "1822"]
[BlackElo "1952"]
[PlyCount "42"]
[EventDate "2014.??.??"]
[WhiteTeam "SG Solingen"]
[BlackTeam "SG Solingen"]

1. d4 d5 2. Bf4 Nf6 3. e3 c6 4. c3 Bf5 5. Qb3 Qb6 6. Nd2 Nbd7 7. f3 e6 8. Ne2
Bd3 9. Bg3 Be7 10. Nc1 Bxf1 11. Rxf1 c5 12. Qxb6 axb6 13. Nd3 O-O 14. Ne5 Nxe5
15. Bxe5 Nd7 16. Bg3 Rfc8 17. Kf2 f6 18. Kg1 Kf7 19. a3 Rc6 20. Bf2 Rac8 21. e4
c4 1/2-1/2

[Event "Solingen-ch 2014"]
[Site "Solingen"]
[Date "2014.09.12"]
[Round "1.9"]
[White "Rosenauer, Horst"]
[Black "Kaiser, Stephan"]
[Result "0-1"]
[WhiteElo "1951"]
[BlackElo "1467"]
[PlyCount "102"]
[EventDate "2014.??.??"]
[WhiteTeam "Bergische SF"]
[BlackTeam "SG Solingen"]

1. e4 e5 2. Nf3 Nc6 3. Bb5 Nf6 4. d3 d6 5. c3 Be7 6. O-O O-O 7. Re1 a6 8. Ba4
b5 9. Bc2 Bg4 10. Nbd2 Qd7 11. Nf1 Rfe8 12. a4 b4 13. a5 Rab8 14. Ba4 Bd8 15.
h3 Bxf3 16. Qxf3 Re6 17. Be3 Be7 18. c4 b3 19. Qd1 g6 20. Ng3 Bf8 21. Qd2 Bg7
22. Ne2 Kh8 23. Nc1 Ng8 24. g4 Ree8 25. Kg2 Nge7 26. Nxb3 Qc8 27. Nc1 Rf8 28.
Ne2 Nb4 29. Ng3 Nec6 30. Bd1 Qe6 31. Ra4 Rb7 32. b3 Rfb8 33. f3 Nd4 34. Bxd4
exd4 35. f4 c5 36. Ra1 Bh6 37. Rf1 f6 38. Rb1 Qd7 39. h4 Qd8 40. Ra1 Nc6 41. g5
Bg7 42. Ra3 Rf7 43. Bg4 Qe7 44. Bf3 Nb4 45. Raa1 Rbf8 46. f5 fxg5 47. hxg5 Be5
48. f6 Qe8 49. Ne2 Qd7 50. Rh1 Kg8 51. Rh3 Qd8 $138 0-1

[Event "Solingen-ch 2014"]
[Site "Solingen"]
[Date "2014.09.12"]
[Round "1.10"]
[White "Kesseler, Heiko"]
[Black "Reif, Frank"]
[Result "1-0"]
[WhiteElo "1947"]
[BlackElo "1752"]
[PlyCount "109"]
[EventDate "2014.??.??"]
[WhiteTeam "Elberfelder SG"]
[BlackTeam "TV Witzhelden"]

1. e4 e5 2. Nf3 Nc6 3. Bb5 a6 4. Ba4 Nf6 5. d4 exd4 6. e5 Ne4 7. O-O Nc5 8. Bb3
Nxb3 9. axb3 Be7 10. Na3 O-O 11. Nb5 f6 12. exf6 Bxf6 13. Nbxd4 Nxd4 14. Nxd4
d6 15. Qd3 Kh8 16. Re1 Be5 17. Nf3 Bf6 18. Ra4 Bd7 19. Rf4 Bc6 20. Rf5 g6 21.
Rf4 Bd7 22. Nd4 Be5 23. Rxf8+ Qxf8 24. f4 Bg7 25. Ne6 Bxe6 26. Rxe6 Re8 27. Qe4
Rxe6 28. Qxe6 Bf6 29. Kf1 Kg7 30. g4 a5 31. Qd5 b6 32. g5 Bd8 33. Qd4+ Kg8 34.
Bd2 Qg7 35. Qc4+ Qf7 36. Qb5 Qe6 37. Kf2 d5 38. Bc3 c6 39. Qd3 Be7 40. Kg3 c5
41. Be5 Bxg5 42. Qa6 Bd8 43. Qa8 Qd7 44. Bf6 b5 45. Bxd8 h5 46. Bb6+ Kf7 47.
Qa7 Qxa7 48. Bxa7 c4 49. Bb6 a4 50. bxa4 bxa4 51. c3 Kf6 52. h4 Kf5 53. Kf3 Ke6
54. Bd8 Kd6 55. Ke3 1-0

[Event "Solingen-ch 2014"]
[Site "Solingen"]
[Date "2014.09.12"]
[Round "1.11"]
[White "Alexopoulos, Spiros"]
[Black "Große-Hering, Peter"]
[Result "1-0"]
[WhiteElo "1745"]
[BlackElo "1936"]
[PlyCount "39"]
[EventDate "2014.??.??"]
[WhiteTeam "Aachener SV"]
[BlackTeam "SV Horst-Emscher"]

1. c4 Nf6 2. Nc3 g6 3. g3 Bg7 4. Bg2 d6 5. e4 O-O 6. Nge2 e5 7. O-O Nc6 8. d3
Ne7 9. f4 c6 10. h3 Nh5 11. Kh2 f5 12. Qc2 Be6 13. b3 Qd7 14. Bb2 fxe4 15. dxe4
exf4 16. Nxf4 Nxf4 17. gxf4 Rxf4 18. Rxf4 Be5 19. Ne2 Bxf4+ 20. Nxf4 1-0

[Event "Solingen-ch 2014"]
[Site "Solingen"]
[Date "2014.09.12"]
[Round "1.12"]
[White "Sherif, Malik"]
[Black "Boschek, Hans-Joachim "]
[Result "0-1"]
[WhiteElo "1454"]
[BlackElo "1901"]
[PlyCount "70"]
[EventDate "2014.??.??"]
[WhiteTeam "SG Solingen"]
[BlackTeam "SG Solingen"]

1. Nf3 e6 2. c4 f5 3. Nc3 Nf6 4. e3 b6 5. d4 Bb7 6. Bd2 Bb4 7. a3 Bxc3 8. Bxc3
O-O 9. Bd3 Ne4 10. Qc2 d6 11. O-O-O Nd7 12. Rhg1 Qe7 13. Ne1 c5 14. f3 Nxc3 15.
Qxc3 Rac8 16. Nc2 d5 17. Qb3 Ba6 18. Qa4 Bxc4 19. Bxc4 dxc4 20. Qxc4 cxd4 21.
Qxd4 Nc5 22. Qb4 Qc7 23. Qc4 b5 24. Qc3 a5 25. b4 axb4 26. axb4 Na6 27. Qxc7
Rxc7 28. Kb2 Rfc8 29. Rd2 Rc4 30. Kb3 Kf7 31. Rgd1 Nc7 32. Rd4 Nd5 33. Rxc4
Rxc4 34. Rd3 Kf6 35. Ka3 Rc3+ 0-1

[Event "Solingen-ch 2014"]
[Site "Solingen"]
[Date "2014.09.12"]
[Round "1.13"]
[White "Vranidis, Athanassios"]
[Black "Ehringfeld, Michael"]
[Result "1-0"]
[WhiteElo "1890"]
[BlackElo "1428"]
[PlyCount "117"]
[EventDate "2014.??.??"]
[WhiteTeam "SG Solingen"]
[BlackTeam "SG Solingen"]

1. d4 d5 2. c4 c6 3. Nf3 Nf6 4. Nc3 Bf5 5. e3 Qc8 6. Be2 Nbd7 7. O-O h6 8. b3
e6 9. Bb2 Bd6 10. Rc1 Qb8 11. cxd5 exd5 12. g3 Bh3 13. Re1 O-O 14. Bf1 Bg4 15.
Bg2 Bb4 16. Qd3 Qd6 17. Nh4 Rae8 18. h3 Bh5 19. g4 Bg6 20. Nxg6 fxg6 21. Qxg6
Re6 22. Qd3 Ne4 23. Bxe4 Bxc3 24. Bh7+ Kh8 25. Bxc3 g6 26. e4 Kxh7 27. exd5
Qxd5 28. Rxe6 Qxe6 29. Re1 Qf7 30. Qe3 Nf6 31. Qe7 Nd5 32. Qxf7+ Rxf7 33. Bd2
Re7 34. Rxe7+ Nxe7 35. Kg2 Nd5 36. Kf3 g5 37. Ke4 Kg7 38. Ke5 Kf7 39. f4 gxf4
40. Bxf4 Kg6 41. Bd2 h5 42. Ke6 hxg4 43. hxg4 Nc7+ 44. Kd7 Nb5 45. Kc8 Nd6+ 46.
Kc7 Ne4 47. Be3 Nf6 48. Kxb7 Nxg4 49. Bd2 Nf6 50. Kxc6 Ne4 51. Bb4 Kf7 52. Kc7
Nf6 53. Bc5 Nd5+ 54. Kb7 a5 55. Ka6 a4 56. bxa4 Nc3 57. a5 Nxa2 58. Kb7 Nc3 59.
a6 1-0

[Event "Solingen-ch 2014"]
[Site "Solingen"]
[Date "2014.09.12"]
[Round "1.14"]
[White "Mix, Lothar"]
[Black "Sherif, Amina"]
[Result "0-1"]
[WhiteElo "1293"]
[BlackElo "1880"]
[PlyCount "66"]
[EventDate "2014.??.??"]
[WhiteTeam "SG Solingen"]
[BlackTeam "SG Solingen"]

1. e4 c5 2. Bc4 e6 3. Nc3 Nc6 4. f4 g6 5. Nf3 Bg7 6. O-O Nge7 7. a3 O-O 8. Ne2
d5 9. exd5 exd5 10. Ba2 Qb6 11. c3 Rd8 12. Kh1 Bf5 13. Re1 Rac8 14. Ng3 Be6 15.
d3 Nf5 16. Nxf5 Bxf5 17. Nh4 Be6 18. Nf3 h6 19. d4 cxd4 20. Ne5 Nxe5 21. fxe5
dxc3 22. Qb3 cxb2 23. Qxb2 Qxb2 24. Bxb2 Rc2 25. Rab1 Bf5 26. Bb3 Rd2 27. Bc1
Rxg2 28. Rb2 Rxb2 29. Bxb2 Kf8 30. Rc1 Be4+ 31. Kg1 Re8 32. Rc7 Bxe5 33. Bc1
Bxc7 0-1

[Event "Solingen-ch 2014"]
[Site "Solingen"]
[Date "2014.09.12"]
[Round "1.15"]
[White "Fränzel, Marius"]
[Black "Kopernok, Ingo"]
[Result "0-1"]
[WhiteElo "1840"]
[BlackElo "1267"]
[PlyCount "58"]
[EventDate "2014.??.??"]
[WhiteTeam "SG Solingen"]
[BlackTeam "SG Solingen"]

1. e4 c6 2. d4 d5 3. exd5 cxd5 4. c4 Nf6 5. Nc3 Bf5 6. Nf3 Nbd7 7. cxd5 a6 8.
Bg5 Ne4 9. Nxe4 Bxe4 10. d6 Qa5+ 11. Bd2 Qd5 12. dxe7 Bxe7 13. Be2 Rc8 14. Bc3
O-O 15. O-O Rc6 16. Qb3 Qf5 17. Rfd1 Rg6 18. Ne1 Bxg2 19. Nxg2 Qh3 20. Qxb7 Bd6
21. Kf1 Qxh2 22. Ke1 Rxg2 23. Qxd7 Bf4 24. Rd3 Qg1+ 25. Bf1 Qxf2+ 26. Kd1 Qc2+
27. Ke1 Qf2+ 28. Kd1 Qxf1+ 29. Be1 Qxd3+ 0-1

[Event "Solingen-ch 2014"]
[Site "Solingen"]
[Date "2014.09.12"]
[Round "1.16"]
[White "Schubert, Stefan"]
[Black "Meckel, Helmut"]
[Result "0-1"]
[WhiteElo "1185"]
[BlackElo "1832"]
[PlyCount "60"]
[EventDate "2014.??.??"]
[WhiteTeam "SG Solingen"]
[BlackTeam "SG Solingen"]

1. c4 e5 2. g3 Nf6 3. Bg2 Bc5 4. e3 c6 5. d4 exd4 6. exd4 Bb4+ 7. Bd2 Bxd2+ 8.
Nxd2 d5 9. Ngf3 O-O 10. O-O Be6 11. Ne5 Nbd7 12. Rc1 Qb6 13. Nb3 Nxe5 14. dxe5
dxc4 15. Qd4 cxb3 16. Qxb6 axb6 17. exf6 Rxa2 18. fxg7 Rd8 19. Rfe1 Rd2 20. Be4
Raxb2 21. Rcd1 Bg4 22. Rxd2 Rxd2 23. f3 Bh5 24. h4 Bg6 25. Bb1 Bxb1 26. Rxb1 b2
27. Re1 c5 28. h5 Kxg7 29. g4 c4 30. f4 c3 0-1

[Event "Solingen-ch 2014"]
[Site "Solingen"]
[Date "2014.09.12"]
[Round "1.17"]
[White "Nguyen, Gia Huy Philipp"]
[Black "Möller, Laura"]
[Result "1-0"]
[WhiteElo "1826"]
[BlackElo "1163"]
[PlyCount "59"]
[EventDate "2014.??.??"]
[WhiteTeam "SG Solingen"]
[BlackTeam "SG Solingen"]

1. e4 c5 2. Nf3 Nc6 3. d4 b6 4. Nc3 g6 5. Be3 e6 6. Bb5 Bb7 7. Qd2 cxd4 8. Nxd4
Nf6 9. f3 h6 10. O-O-O Bg7 11. Kb1 O-O 12. Bxc6 dxc6 13. Bxh6 e5 14. Nb3 Qxd2
15. Bxd2 Rad8 16. Bg5 a6 17. Na4 b5 18. Nac5 Bc8 19. Na5 Rxd1+ 20. Rxd1 Nh5 21.
Nxc6 f5 22. Ne7+ Kh7 23. Rd6 fxe4 24. Nxe4 Nf4 25. Bxf4 exf4 26. Nxg6 Rf5 27.
Ne7 Rf8 28. Ng5+ Kh8 29. Ng6+ Kg8 30. Nxf8 1-0

[Event "Solingen-ch 2014"]
[Site "Solingen"]
[Date "2014.09.12"]
[Round "1.18"]
[White "Littek, Oliver"]
[Black "Skiber, Friedel"]
[Result "0-1"]
[WhiteElo "972"]
[BlackElo "1737"]
[PlyCount "38"]
[EventDate "2014.??.??"]
[WhiteTeam "SG Solingen"]
[BlackTeam "SG Solingen"]

1. e4 d6 2. Nf3 g6 3. d4 Bg7 4. Bc4 Nf6 5. Nc3 O-O 6. Bb3 a6 7. O-O b5 8. a3
Nc6 9. Bf4 Bg4 10. d5 Na5 11. Qd3 c5 12. dxc6 Nxb3 13. cxb3 Rc8 14. Ne2 Rxc6
15. Rac1 Qa8 16. e5 Nh5 17. Ned4 Rxc1 18. Rxc1 Nxf4 19. Nd2 Nxd3 0-1

[Event "Solingen-ch 2014"]
[Site "Solingen"]
[Date "2014.09.12"]
[Round "1.19"]
[White "Müller, Ernst"]
[Black "Schubert, Florian"]
[Result "1-0"]
[WhiteElo "1728"]
[BlackElo "971"]
[PlyCount "99"]
[EventDate "2014.??.??"]
[WhiteTeam "SG Solingen"]
[BlackTeam "SG Solingen"]

1. e4 e5 2. Nf3 Nc6 3. Bc4 Be7 4. Nc3 Nf6 5. d3 Bb4 6. Bd2 d6 7. h3 O-O 8. a3
Ba5 9. Qe2 a6 10. O-O-O Nd4 11. Nxd4 exd4 12. Nd5 Bxd2+ 13. Qxd2 Be6 14. Nxf6+
Qxf6 15. f4 b5 16. Bd5 Bxd5 17. exd5 Qf5 18. g4 Qxd5 19. Kb1 a5 20. Rhe1 b4 21.
a4 Rfe8 22. Rxe8+ Rxe8 23. Re1 Qc6 24. b3 f6 25. Qf2 Rxe1+ 26. Qxe1 Kf7 27. f5
Qf3 28. Qe6+ Kf8 29. Qc8+ Ke7 30. Qxc7+ Ke8 31. Qc8+ Ke7 32. Qe6+ Kf8 33. Qxd6+
Ke8 34. Qxd4 Qxh3 35. Qe4+ Kd7 36. d4 h5 37. gxh5 Qxh5 38. Qd5+ Kc8 39. Qg8+
Kc7 40. Qxg7+ Kc6 41. Qxf6+ Kd5 42. Qe5+ Kc6 43. d5+ Kb7 44. d6 Qd1+ 45. Kb2
Kc6 46. f6 Qxd6 47. Qb5+ Kc7 48. Qxa5+ Kb7 49. Qb5+ Kc7 50. Qc4+ 1-0

[Event "Solingen-ch 2014"]
[Site "Solingen"]
[Date "2014.09.26"]
[Round "2.1"]
[White "Sherif, Amina"]
[Black "Kniest, Oliver"]
[Result "0-1"]
[WhiteElo "1880"]
[BlackElo "2302"]
[PlyCount "54"]
[EventDate "2014.??.??"]
[WhiteTeam "SG Solingen"]
[BlackTeam "SG Solingen"]

1. Nf3 f5 2. d4 Nf6 3. c4 g6 4. Nc3 Bg7 5. e3 O-O 6. Bd3 d6 7. Qc2 Nc6 8. a3 e5
9. d5 Ne7 10. Be2 a5 11. Bd2 h6 12. h4 Bd7 13. O-O-O Qb8 14. Rdg1 c6 15. Nh2
cxd5 16. cxd5 b5 17. Qb3 b4 18. axb4 axb4 19. Na2 Rc8+ 20. Kb1 Ba4 21. Qxb4
Bc2+ 22. Ka1 Bb3 23. Qxb8 Rxa2+ 24. Kb1 Rxb8 25. Bc3 Rba8 26. Kc1 Ne4 27. Re1
Ra1# 0-1

[Event "Solingen-ch 2014"]
[Site "Solingen"]
[Date "2014.09.26"]
[Round "2.2"]
[White "Peschel, Andreas"]
[Black "Vranidis, Athanassios"]
[Result "1-0"]
[WhiteElo "2117"]
[BlackElo "1890"]
[PlyCount "87"]
[EventDate "2014.??.??"]
[WhiteTeam "SG Solingen"]
[BlackTeam "SG Solingen"]

1. d4 d5 2. Nf3 Nf6 3. c4 e6 4. g3 Be7 5. Bg2 O-O 6. O-O Nbd7 7. Qc2 c6 8. Nc3
b6 9. Rd1 Ba6 10. Ne5 Nxe5 11. dxe5 Nd7 12. cxd5 cxd5 13. e4 d4 14. Rxd4 Bc5
15. Rd1 Qc7 16. Qa4 Bc8 17. Bf4 Nxe5 18. Rac1 Qb8 19. b4 Be7 20. Bxe5 Qxe5 21.
f4 Qb8 22. e5 b5 23. Qxb5 Qxb5 24. Nxb5 Rb8 25. Nd6 Ba6 26. Rc7 Bd8 27. Rc6 Be2
28. Rd2 Bb5 29. Rc3 Bb6+ 30. Kh1 Bd8 31. Bf3 f6 32. Bg4 f5 33. Bd1 a5 34. Rc5
Ba6 35. bxa5 Rb1 36. Kg2 g5 37. Bb3 gxf4 38. Bxe6+ Kg7 39. gxf4 Bf1+ 40. Kf3
Bh3 41. Kg3 Bg4 42. h3 Bh5 43. Nxf5+ Kh8 44. Rc8 1-0

[Event "Solingen-ch 2014"]
[Site "Solingen"]
[Date "2014.09.26"]
[Round "2.3"]
[White "Meckel, Helmut"]
[Black "Zolfagharian, Kevin"]
[Result "0-1"]
[WhiteElo "1832"]
[BlackElo "2110"]
[PlyCount "62"]
[EventDate "2014.??.??"]
[WhiteTeam "SG Solingen"]
[BlackTeam "SG Solingen"]

1. b4 e5 2. Bb2 Bxb4 3. Bxe5 Nf6 4. c4 O-O 5. e3 Nc6 6. Bb2 Re8 7. Be2 d5 8.
cxd5 Ne5 9. Nf3 Ng6 10. Nc3 Nxd5 11. Nxd5 Qxd5 12. O-O Bd6 13. Qa4 Re4 14. d4
Bg4 15. Qb5 c5 16. Rfd1 Qh5 17. dxc5 Bxh2+ 18. Kf1 Bf4 19. Qxb7 Rae8 20. Rd8
Rxd8 21. Qxe4 Bf5 22. Qc4 Qh1+ 23. Ng1 Bh2 24. Bf3 Bd3+ 25. Qxd3 Rxd3 26. Ke2
Rd8 27. Nh3 Bg1 28. Nxg1 Qh4 29. Rc1 Qb4 30. Bd4 Nf4+ 31. Kf1 Nd3 0-1

[Event "Solingen-ch 2014"]
[Site "Solingen"]
[Date "2014.09.26"]
[Round "2.4"]
[White "Görke, Joachim"]
[Black "Nguyen, Gia Huy Philipp"]
[Result "1-0"]
[WhiteElo "2090"]
[BlackElo "1826"]
[PlyCount "41"]
[EventDate "2014.??.??"]
[WhiteTeam "SG Solingen"]
[BlackTeam "SG Solingen"]

1. c4 Nf6 2. Nc3 g6 3. g3 Bg7 4. Bg2 O-O 5. f4 d6 6. Nf3 Nc6 7. O-O e5 8. d3
Re8 9. e4 Bg4 10. h3 Bd7 11. Nd5 Qc8 12. Kh2 Nxd5 13. cxd5 Nb4 14. fxe5 dxe5
15. a3 Na6 16. Be3 c6 17. Ng5 f6 18. dxc6 Bxc6 19. Qb3+ Kh8 20. Nf7+ Kg8 21.
Nh6+ 1-0

[Event "Solingen-ch 2014"]
[Site "Solingen"]
[Date "2014.09.26"]
[Round "2.5"]
[White "Skiber, Friedel"]
[Black "Speck, Stefan"]
[Result "0-1"]
[WhiteElo "1737"]
[BlackElo "1981"]
[PlyCount "116"]
[EventDate "2014.??.??"]
[WhiteTeam "SG Solingen"]
[BlackTeam "SC Solingen 28"]

1. e4 e5 2. Nf3 d6 3. Nc3 c6 4. d4 Nd7 5. Be2 Ngf6 6. Bg5 Qc7 7. Nh4 Qb6 8.
dxe5 dxe5 9. Na4 Qb4+ 10. c3 Qxe4 11. O-O b5 12. Bf3 Qxa4 13. Bxc6 Qxd1 14.
Raxd1 Rb8 15. Rfe1 Rb6 16. Rxe5+ Kd8 17. Bxb5 Kc7 18. Rf5 Bd6 19. a4 Ne5 20.
Rf4 a6 21. Bf1 Rxb2 22. Bxf6 gxf6 23. Rxf6 Be7 24. Rf4 Rg8 25. Re1 f6 26. Nf5
Bxf5 27. Rxf5 Ra2 28. Bxa6 Rxa4 29. Bf1 Ra3 30. Rc1 Rg5 31. Rf4 Nd7 32. Rc4+
Rc5 33. Re4 Bd6 34. c4 Rh5 35. g3 Bc5 36. Rg4 Rf3 37. Rc2 Rhf5 38. Rf4 R5xf4
39. gxf4 Rxf4 40. Rb2 Rg4+ 41. Bg2 Rxc4 42. Rb7+ Kd6 43. Bh3 Ne5 44. Rxh7 Rf4
45. Kf1 Rxf2+ 46. Ke1 Rxh2 47. Kd1 Bb4 48. Kc1 Kc5 49. Rc7+ Kd4 50. Bf5 Rf2 51.
Bc2 f5 52. Rc8 f4 53. Rd8+ Kc3 54. Rc8+ Nc4 55. Bd1 Rf1 56. Rd8 Ba3+ 57. Kb1
Nd2+ 58. Ka2 Rxd1 0-1

[Event "Solingen-ch 2014"]
[Site "Solingen"]
[Date "2014.09.26"]
[Round "2.6"]
[White "Grah, Ulrich"]
[Black "Müller, Ernst"]
[Result "1-0"]
[WhiteElo "1979"]
[BlackElo "1728"]
[PlyCount "81"]
[EventDate "2014.??.??"]
[WhiteTeam "SG Solingen"]
[BlackTeam "SG Solingen"]

1. e4 e5 2. Nf3 Nc6 3. Bb5 a6 4. Ba4 Nf6 5. O-O b5 6. Bb3 Be7 7. Re1 O-O 8. c3
d6 9. d4 Bg4 10. Be3 Na5 11. Bc2 Nc4 12. Bc1 Nb6 13. Nbd2 c6 14. Nf1 Qc7 15.
Ng3 Rfe8 16. h3 Bc8 17. b3 c5 18. d5 c4 19. Be3 cxb3 20. axb3 Nbd7 21. Qd2 Nf8
22. Bd3 Ng6 23. Bxb5 Rd8 24. Bf1 a5 25. c4 Bd7 26. Reb1 Rdb8 27. Ne1 Bd8 28.
Nd3 Qc8 29. c5 dxc5 30. Bxc5 Bb5 31. Be3 Qd7 32. Nc5 Qe8 33. Bxb5 Rxb5 34. Nf5
Qf8 35. b4 Rab8 36. Bg5 Rxb4 37. Rxb4 Rxb4 38. Bxf6 gxf6 39. d6 Bb6 40. Nd7 Qd8
41. Qh6 1-0

[Event "Solingen-ch 2014"]
[Site "Solingen"]
[Date "2014.09.26"]
[Round "2.7"]
[White "Kaiser, Stephan"]
[Black "Kesseler, Heiko"]
[Result "0-1"]
[WhiteElo "1467"]
[BlackElo "1947"]
[PlyCount "40"]
[EventDate "2014.??.??"]
[WhiteTeam "SG Solingen"]
[BlackTeam "Elberfelder SG"]

1. d4 Nf6 2. c4 e6 3. Nc3 Bb4 4. a3 Bxc3+ 5. bxc3 c5 6. Nf3 Qa5 7. Bd2 Ne4 8.
Qc2 f5 9. e3 b6 10. d5 Bb7 11. dxe6 dxe6 12. Be2 g5 13. O-O Nc6 14. Rfd1 g4 15.
Ne1 O-O-O 16. Nd3 e5 17. Qb2 Rd7 18. Qb5 Nxd2 19. Qxa5 bxa5 20. Rxd2 e4 0-1

[Event "Solingen-ch 2014"]
[Site "Solingen"]
[Date "2014.09.26"]
[Round "2.8"]
[White "Boschek, Dr. Hans-Joachim"]
[Black "Alexopoulos, Dr. Spiros"]
[Result "1-0"]
[WhiteElo "1901"]
[BlackElo "1745"]
[PlyCount "47"]
[EventDate "2014.??.??"]
[WhiteTeam "SG Solingen"]
[BlackTeam "Aachener SV"]

1. c4 Nf6 2. g3 c6 3. Nf3 g6 4. Bg2 Bg7 5. Nc3 d5 6. cxd5 cxd5 7. d4 O-O 8. O-O
Ne4 9. Qb3 Nc6 10. Bf4 Na5 11. Qc2 Nxc3 12. Qxc3 b6 13. Ne5 Ba6 14. Qf3 e6 15.
Rfc1 Rc8 16. Rxc8 Qxc8 17. Rc1 Qb7 18. b4 Nc4 19. Nxc4 Bxc4 20. Rxc4 Qa6 21.
Rc7 Rc8 22. Qc3 Rxc7 23. Qxc7 Bxd4 24. Bh6 1-0

[Event "Solingen-ch 2014"]
[Site "Solingen"]
[Date "2014.09.26"]
[Round "2.9"]
[White "Kopernok, Ingo"]
[Black "Wolff, Michael"]
[Result "1/2-1/2"]
[WhiteElo "1267"]
[BlackElo "1958"]
[PlyCount "102"]
[EventDate "2014.??.??"]
[WhiteTeam "SG Solingen"]
[BlackTeam "Ford SF Köln"]

1. d4 Nf6 2. Bf4 d6 3. Nf3 g6 4. e3 Nh5 5. Bg3 Bg7 6. Nc3 Nd7 7. Bc4 Nxg3 8.
hxg3 e6 9. Qd3 Nb6 10. Bb3 Bd7 11. O-O-O Qe7 12. d5 e5 13. Rh4 O-O-O 14. Na4 f5
15. Nxb6+ axb6 16. e4 Kb8 17. Qc4 h5 18. Ba4 Rhf8 19. Rhh1 b5 20. Bxb5 fxe4 21.
Nd2 Bg4 22. Bc6 bxc6 23. dxc6 Bc8 24. Qb5+ Ka7 25. Nxe4 Ba6 26. Qa4 d5 27. Rd3
dxe4 28. Ra3 Qxa3 29. Qxa3 Bh6+ 30. Kb1 Rd5 31. Qe7 Kb6 32. Qb4+ Kxc6 33. Qxe4
Rxf2 34. Qxg6+ Rd6 35. Qe8+ Kb7 36. b3 Rxg2 37. Qxe5 Rdd2 38. Qe4+ c6 39. Rc1
Kb6 40. a4 Rxg3 41. b4 Rg4 42. a5+ Kb5 43. c4+ Ka4 44. Qxc6+ Kb3 45. Qf3+ Kxb4
46. Qc3+ Kc5 47. Qa3+ Kc6 48. Qf3+ Kc5 49. Qa3+ Kc6 50. Qf3+ Kc5 51. Qa3+ Kc6
1/2-1/2